| 000 | 01558nam a2200469 i 4500 | ||
|---|---|---|---|
| 001 | 24839 | ||
| 003 | KOSZ 005 | ||
| 005 | 20200429141156.0 | ||
| 008 | 970510s1994 pl a f |001 0 pol | ||
| 015 | _aUWD 1995/6942 | ||
| 020 | _a8385189637 | ||
| 035 | _a991000077299705066 | ||
| 035 | _a(PL-WaBN)b10061885-48omnis_nlop | ||
| 035 | _ab10061885 | ||
| 035 | _a(OCoLC)749539195 | ||
| 035 | _a(PL)b0000001006188 | ||
| 035 | _a(EXLNZ-48OMNIS_NETWORK)9910031377805606 | ||
| 040 |
_aWA N _cWA N _dKOSZ 005/EG |
||
| 041 | 1 |
_apol _hger |
|
| 080 | _a634/635 | ||
| 080 | _a(083.1) | ||
| 100 | 1 |
_aBruns, Annelore _d(1928- ) _eAutor |
|
| 245 | 1 | 0 |
_aTwój ogród : _bw zgodzie z naturą : podręcznik naturalnego ogrodnictwa / _cAnnelore i Hubert Bruns, Gerhard Schmidt ; [tł. z niem.]. |
| 260 |
_aWarszawa : _b"Reporter", _ccop. 1994. |
||
| 300 |
_a317 s. : _brys., wykr. ; _c30 cm. |
||
| 336 |
_2rdacontent _aTekst _btxt |
||
| 337 |
_2rdamedia _aBez urządzenia pośredniczącego _bn |
||
| 338 |
_2rdacarrier _aWolumin _bnc |
||
| 380 | _aKsiążki | ||
| 388 | _a1901-2000 | ||
| 388 | _a1989-2000 | ||
| 504 | _aBibliogr. s. 311. - Indeks. | ||
| 650 | 7 |
_aOgrodnictwo _2DBN |
|
| 650 | 7 | _aMetody | |
| 655 | 7 |
_aPoradniki _2DBN |
|
| 658 | _aDom i ogród | ||
| 700 | 1 |
_aBruns, Hubert _d(1925- ) _eAutor |
|
| 700 | 1 |
_aSchmidt, Gerhard _d(1926- ) _eAutor |
|
| 856 |
_uhttp://koha.tu.koszalin.pl/cgi-bin/koha/opac-detail.pl?biblionumber=24839 _yKatalog online BPK |
||
| 942 |
_2UKD _cKS |
||
| 999 |
_c24839 _d24839 |
||